The more, the merrier / (Record no. 1141)
[ view plain ]
| 000 -LEADER | |
|---|---|
| fixed length control field | 01025cam a22003133a 4500 |
| 005 - DATE AND TIME OF LATEST TRANSACTION | |
| control field | 20230815112448.0 |
| 020 ## - INTERNATIONAL STANDARD BOOK NUMBER | |
| International Standard Book Number | 9780439353670 |
| 040 ## - CATALOGING SOURCE | |
| Original cataloging agency | BKL |
| Transcribing agency | BKL |
| Modifying agency | DLC |
| Language of cataloging | eng |
| 050 00 - LIBRARY OF CONGRESS CALL NUMBER | |
| Classification number | PZ7.M47396 |
| 082 ## - DEWEY DECIMAL CLASSIFICATION NUMBER | |
| Classification number | Fic |
| 100 1# - MAIN ENTRY--PERSONAL NAME | |
| Personal name | Mazer, Anne. |
| 245 14 - TITLE STATEMENT | |
| Title | The more, the merrier / |
| Statement of responsibility, etc. | Anne Mazer. |
| 250 ## - EDITION STATEMENT | |
| Edition statement | First scholastic printing, August 2002 |
| 260 ## - PUBLICATION, DISTRIBUTION, ETC. | |
| Place of publication, distribution, etc. | New York |
| Name of publisher, distributor, etc. | Scholastic Inc., |
| Date of publication, distribution, etc. | 2002. |
| 300 ## - PHYSICAL DESCRIPTION | |
| Extent | 122 pages. : |
| Other physical details | illustrations. ; |
| Dimensions | 20 cm. |
| 490 1# - SERIES STATEMENT | |
| Series statement | The amazing days of Abby Hayes ; |
| 500 ## - GENERAL NOTE | |
| General note | "An Apple paperback." |
| 505 ## - FORMATTED CONTENTS NOTE | |
| Formatted contents note | J <br/> |
| 520 ## - SUMMARY, ETC. | |
| Summary, etc. | Abby's having a party. She decides it's the perfect time to give her room a makeover. Will she finish in time for the party? |
| 521 ## - TARGET AUDIENCE NOTE | |
| Target audience note | 480 <br/> |
| Source | Lexile <br/> |
| 521 ## - TARGET AUDIENCE NOTE | |
| Target audience note | J <br/> |
| Source | Raz-Plus <br/> |
| 650 #0 - SUBJECT ADDED ENTRY--TOPICAL TERM | |
| Topical term or geographic name entry element | Diaries |
| Form subdivision | Fiction. |
| 650 #0 - SUBJECT ADDED ENTRY--TOPICAL TERM | |
| Topical term or geographic name entry element | Girls |
| General subdivision | Diaries |
| Form subdivision | Fiction. |
| 655 #7 - INDEX TERM--GENRE/FORM | |
| Genre/form data or focus term | Children's stories. |
| Source of term | lcsh |
| 906 ## - LOCAL DATA ELEMENT F, LDF (RLIN) | |
| a | 7 |
| b | cbc |
| c | copycat |
| d | 2 |
| e | ncip |
| f | 20 |
| g | y-gencatlg |
| 942 ## - ADDED ENTRY ELEMENTS (KOHA) | |
| Source of classification or shelving scheme | Dewey Decimal Classification |
| Koha item type | Books |
| Suppress in OPAC | No |
| 999 ## - | |
| -- | 1141 |
| -- | 1141 |
| Withdrawn status | Lost status | Source of classification or shelving scheme | Damaged status | Not for loan | Collection | Home library | Current library | Shelving location | Date acquired | Total Checkouts | Full call number | Barcode | Date due | Date last seen | Date last checked out | Price effective from | Koha item type |
|---|---|---|---|---|---|---|---|---|---|---|---|---|---|---|---|---|---|
| Dewey Decimal Classification | Fiction | Footprints International School Library Network Toul Kork Campus | Footprints International School Library Network Toul Tom Poung Campus | 08/03/2023 | 3 | MAZ Fic PZ7.M47396 | FIS04046 | 10/22/2025 | 10/08/2025 | 10/08/2025 | 08/03/2023 | Books |
